Gestió de recursos humans per a uns ajuntaments eficaços / Xavier Sisternas
Descripción Física:
107 p. ; 21 cm
Colección:
Perspectiva ; 9
MARC
| LEADER | 00000nam a2200000Ia 4500 | ||
|---|---|---|---|
| 001 | 12079 | ||
| 008 | 160829s1998 xx 000 0 cat d | ||
| 080 | |a M-2-283 | ||
| 100 | |a Sisternas, Xavier |9 32410 | ||
| 245 | |a Gestió de recursos humans per a uns ajuntaments eficaços / Xavier Sisternas | ||
| 260 | |a Barcelona : |b Diputació de Barcelona, |c 1998 | ||
| 300 | |a 107 p. ; |c 21 cm | ||
| 490 | |a Perspectiva ; 9 | ||
| 650 | 0 | |a Municipis |x Govern i administració |9 22275 | |
| 650 | |a Personal |x Administració |9 45092 | ||
| 901 | |a Arxiu | ||
| 942 | |n 1 | ||
| 952 | |0 0 |1 0 |4 0 |6 M2283 |7 1 |9 45975 |a Arxiu |b Arxiu |d 2016-12-01 |l 0 |o M-2-283 |p 12079 |r 2016-12-01 00:00:00 |w 2016-12-01 |y ARXIU | ||
| 999 | |c 49476 |d 49476 | ||